00722nam a22002057a 450000500170000001000150001702000350003203500140006703700130008108200110009410000350010524500710014025000110021126000650022227000300028730000330031794200250035099900190037595201220039420180712124050.0 aENG-123454 a9789381281345 vol. 15c100.00 aEN-106986 bDBAD/PUB a230.51 aRajagopalachari, Parthasarathi a The principles of sahaj marg /cby Parthasarathi Rajagopalachari  avol.15 aKolkatabThe Ramakrishna Mission Institute of Culture c2012 aGol ParkbKolkatae700029 aviii,148p.:c21cm(pbk)bill. 2ddccENh230.51mRAJ c153884d153884 001040718NFICaDBADbLd2018-07-12eDBAD/PUBg100.00l0o230.51 RAJpEN-106986r2018-07-12 00:00:00t1v100.00yEN